000 00356nam a22001457a 4500
003 macl
005 20171124132405.0
008 171124b xxu||||| |||| 00| 0 eng d
040 _cmacl
100 _aHingorani, Aman M
_969509
245 _aUnravelling the Kashmir KNOT
260 _aNEW DELHI
_bSAGE
_c2016
650 _aHistory
_969510
942 _2ddc
_cBK
999 _c57173
_d57173